Libertad y seguridad: principios para Alemania /
El documento constituye un programa de principios mediante el cual los demócratas cristianos, conscientes de su responsabilidad ante Dios y los hombres, profesan sus valores,y objetivos, al mismo tiempo que buscan dar respuesta a los desafíos actuales. La Unión Cristiano – Demócrata (CDU) es el part...
Na minha lista:
| Formato: | Desconhecido |
|---|---|
| Idioma: | Spanish |
| Publicado em: |
Costa Rica :
Konrad Adenauer Stiftung, [2007]
|
| Assuntos: | |
| Tags: |
Adicionar Tag
Sem tags, seja o primeiro a adicionar uma tag!
|
MARC
| LEADER | 00000 a2200000 04500 | ||
|---|---|---|---|
| 001 | 45236 | ||
| 003 | cru CIDCACS/IIS | ||
| 005 | 20231211113039.0 | ||
| 008 | 991231s cr spa d | ||
| 020 | |a [sin ISBN] | ||
| 022 | |a [sin ISBN] | ||
| 040 | |c cru CIDCACS/IIS |a cru CIDCACS/IIS | ||
| 090 | |a 04.04.02 U58l | ||
| 245 | |a Libertad y seguridad: |b principios para Alemania / |c Unión Democrática Cristiana de Alemania | ||
| 260 | |a Costa Rica : |b Konrad Adenauer Stiftung, [2007] | ||
| 300 | |a 56 páginas | ||
| 520 | |a El documento constituye un programa de principios mediante el cual los demócratas cristianos, conscientes de su responsabilidad ante Dios y los hombres, profesan sus valores,y objetivos, al mismo tiempo que buscan dar respuesta a los desafíos actuales. La Unión Cristiano – Demócrata (CDU) es el partido popular de centro, en el cual siguen vivas las corrientes políticas de su origen en 1945: la social cristina, la liberal y la conservadora en cuestión de valores. Dicho partido se orienta de acuerdo a la imagen cristiana del ser humano y su dignidad intangible, y, con esa base, hacia los valores fundamentales: libertad, solidaridad y justicia. La Unión ha encauzado posturas decisivas de la República Federal de Alemania en su historia, perseveró ante las resistencias a la reunificación del país y desea impulsarla fortaleciendo los valores y virtudes cívicas que lo hicieron exitoso. Ante los desafíos del siglo XXI se plantea que es necesario concebir la seguridad de una forma nueva: en un mundo donde siempre se ciernen nuevas amenazas, esta concepción abarca por igual la seguridad interior y la exterior, pero también abarca la seguridad social en el contexto de una economía globalizada y de transformaciones demográficas. KDV/230817 | ||
| 650 | 1 | 0 | |9 413 |a PARTIDOS POLITICOS |
| 650 | 1 | 0 | |9 3691 |a POLITICA |
| 650 | 0 | |9 4607 |a DIOS | |
| 650 | 1 | 0 | |9 2965 |a ASPECTOS DEMOGRAFICOS |
| 650 | 1 | 0 | |9 1134 |a VALORES CULTURALES |
| 650 | 4 | |9 1845 |a SEGURIDAD SOCIAL | |
| 650 | 0 | |9 5214 |a SOLIDARIDAD | |
| 650 | 1 | 0 | |9 79 |a LIBERTAD |
| 650 | 0 | |9 1862 |a CRISTIANISMO | |
| 650 | 1 | 0 | |9 82 |a LIBERALISMO |
| 650 | 0 | |9 5307 |a CONSERVADURISMO | |
| 650 | 1 | 0 | |9 1133 |a VALORES SOCIALES |
| 650 | 1 | 0 | |9 388 |a GLOBALIZACION |
| 650 | 1 | 0 | |9 2130 |a JUSTICIA SOCIAL |
| 651 | 0 | |9 5222 |a ALEMANIA | |
| 942 | |2 z |c LI |h 04.04.02 U58l |i 14483 |i 14448 |6 040402_U58L_14483__14448 | ||
| 999 | |c 13865 |d 13865 | ||
